000 03068cam a2200469Ma 4500
001 83036
005 20230410115640.0
008 070813s2007 enk b 001 0 eng d
010 _a 2008271023
035 _a(OCoLC)ocn271298947
040 _aAU@
_cAU@
015 _aGBA763849
_2bnb
016 7 _a013817868
_2Uk
020 _a9780521877725 (hbk.)
020 _a0521877725 (hbk.)
020 _a9780521701631 (pbk.)
020 _a0521701635 (pbk.)
029 0 _aAU@
_b000042399410
035 _a(OCoLC)271298947
050 1 4 _aHF1411
_bEV93 2007
082 0 4 _a337
_222
245 0 0 _aEveryday politics of the world economy /
_cedited by John M. Hobson and Leonard Seabrooke.
260 _aCambridge :
_bCambridge University Press,
_c2007.
300 _ax, 254 p. ;
_c23 cm.
504 _aIncludes bibliographical references and index.
505 0 _aEveryday IPE: revealing everyday forms of change in the world economy / John M. Hobson, Leonard Seabrooke -- The agency of labour in global change: remaining the spaces and scales of trade union praxis within a global economy / Andrew Herod -- The agency of peripheral actors: small state tax havens and international regimes as weapons of the weak / J. C. Sharman -- Southern sites of female agency: informal regimes and female migrant labour resistance in East and Southeast Asia / Michele Ford, Nicola Piper -- The everyday social sources of imperial and hegemonic financial orders / Leonard Seabrooke -- Everyday investor subjects and global financial change: the rise of Anglo-American mass investment / Paul Langley -- Peasants as subaltern agents in Latin America: neoliberalism, resistance and the power of the powerless / Adam David Morton -- Eastern agents of globalisation: oriental globalization in the rise of Western capitalism / John M. Hobson -- Diasporic agents and trans-Asian flows in the making of Asian modernity: the case of Thailand / Ara Wilson -- The agency of subordinate politics: Western hegemony in the East Asian mirror / Shogo Suzuki -- Conclusion: Everyday IPE puzzle sets, teaching and policy agendas / John M. Hobson, Leonard Seabrooke.
506 _aElectronic version is restricted to subscribing institutions.
530 _aElectronic version is available via MyiLibrary.
538 _aMode of access: Internet via World Wide Web.
650 0 _aInternational economic relations.
650 0 _aInternational economic relations
_xSociological aspects.
700 1 _aHobson, John M.
700 1 _aSeabrooke, Leonard,
_d1974-
830 0 _aMyiLibrary.
856 4 0 _uhttp://ezproxy.uws.edu.au/login?url=http://www.myilibrary.com/Browse/open.asp?ID=124356
_zMyiLibrary
856 4 2 _3Publisher description
_uhttp://www.loc.gov/catdir/enhancements/fy0808/2008271023-d.html
856 4 1 _3Table of contents only
_uhttp://www.loc.gov/catdir/enhancements/fy0808/2008271023-t.html
856 4 2 _3Contributor biographical information
_uhttp://www.loc.gov/catdir/enhancements/fy0808/2008271023-b.html
942 _2lcc
_cbk
994 _aC0
_bDRFGD
946 _aAAG
999 _c45335
_d45335